000 00984cam a2200289 i 4500
001 66657
003 Mx-PuUPA
005 20240313092118.0
008 170202s2016 mx r 000 0 spa d
020 _a9786078093724
040 _aMx-PuUPA
_bspa
_cMx-PuUPA
_dMx-PuUPA
_erda
041 0 _aspa
043 _2mx-mxbn
_bn-mx-pu
100 1 _aRamos Rosete, Carlos,
_eautor
_96946
245 1 3 _aLa dignidad del embrión humano :
_buna polémica relacionada con su carácter personal /
_cCarlos Ramos Rosete
250 _aPrimera edición
264 1 _aPuebla, México :
_bUniversidad Popular Autónoma del Estado de Puebla,
_c2016
300 _a95 páginas ;
_c21 cm
336 _atexto
_2rdacontent
_btxt
337 _asin medio
_2rdamedia
_bn
338 _avolumen
_2rdacarrier
_bnc
650 7 _aEmbriología humana
_xAspectos éticos
_2armarc
650 7 _aEugenesia
_2armarc
942 _2ddc
_cLI
_h176.2
_iR165
999 _c66657
_d66657